| 000 | 00957nam a2200289 i 4500 | ||
|---|---|---|---|
| 003 | EG-GICUC | ||
| 005 | 20260203121945.0 | ||
| 008 | 260202s1951 ita |||fr||||| 000 0 ita d | ||
| 040 |
_aEG-GiCUC _bita _cEG-GiCUC _dEG-GiCUC _eRda |
||
| 082 | 0 | 4 |
_221 _a341.8 _bUB . I |
| 092 | 0 | 4 | _221 |
| 099 | _aLaw1 12 341.8 UB . I 1951 | ||
| 100 | 1 |
_aUbertazzi, G. M _eAuthor. |
|
| 245 | 1 | 0 |
_aI Rapporti Patrimoniali Tra Coniugi Nel Diritto Internazionale Privato / _cG. M. Ubertazzi. |
| 264 | 1 |
_aMelano : _bA. Giuffre Editore, _c1951 . |
|
| 300 |
_a167page : _billustration ; _c 24 cm. |
||
| 336 |
_2rda contenu _a texte |
||
| 337 |
_2rda medias _aOrdinateur |
||
| 338 |
_2 transporteur rda _a Ressource en ligne |
||
| 504 | _aBibliography: pages 200-250. | ||
| 546 | _a Text in Italian | ||
| 650 | 1 | 4 |
_aPrivate international law _2 |
| 651 | 1 | _2 | |
| 856 | 4 | 0 | _uhttps://fll.law.cu.edu.eg/fulltext/bks/B12-02027.pdf |
| 905 | _a50 | ||
| 942 |
_2ddc _cBK _e21 _n0 |
||
| 999 |
_c60379 _d60379 |
||